000 00725cam a22002533a 4500
001 18154
003 PGUSA
005 20140828083403.0
008 060411s2006||||xxu|||||s|||||000 1 eng d
040 _aPGUSA
_beng
042 _adc
050 4 _aPS
100 1 _aMerwin, Samuel,
_d1874-1936
245 1 0 _aCalumet "K"
_h[electronic resource] /
_cSamuel Merwin
260 _bProject Gutenberg,
_c2006
506 _aPublic domain in the USA.
516 _aElectronic text
653 _aPsychological fiction
653 _aEngineers -- Fiction
653 _aGrain elevators -- Design and construction -- Fiction
830 0 _aProject Gutenberg
_v18154
856 4 0 _uhttp://www.gutenberg.org/ebooks/18154
942 _cEB
999 _c247409
_d247409